000 00511nam a22001937a 4500
003 MPLRDC
005 20220104144228.0
008 210129b ||||| |||| 00| 0 eng d
020 _a962-257-795-4
082 _a740.274 ECDZ-12 v.1
100 _a王书君
245 _a二次大战风云录(上)
_c
250 _a初版
260 _a香港
_b天地图书有限公司
_c1995
300 _b572
490 _a二次大战全纪录. 11
650 _a第二次世界大战
942 _cBK
_o740.274 ECDZ-12 v.1
999 _c47633
_d47623